000 00195nam a2200085 4500
001 1257479
005 20260213133158.0
245 _aSUNANIN SERÇELERİ
_cGÜLTEN DAYIOĞLU
260 _bALTIN KİTAPLAR
999 _c1257479
_d1257479